[Event "BCF-chT3 0708 (4NCL)"]
[Site "Sunningdale"]
[Date "2008.01.13"]
[Round "6.3"]
[White "Makepeace, Philip"]
[Black "Apetrei, Florin"]
[Result "1/2-1/2"]
[WhiteElo "2012"]
[BlackElo "2183"]
[PlyCount "49"]
[EventDate "2007.09.15"]
[EventType "team-tourn"]
[EventRounds "11"]
[EventCountry "ENG"]
[SourceTitle "EXT 2023"]
[Source "ChessBase"]
[SourceDate "2022.10.05"]
[SourceVersion "1"]
[SourceVersionDate "2022.10.05"]
[SourceQuality "1"]
[WhiteTeam "Slough Sharks III"]
[BlackTeam "FCA Solutions"]
[WhiteTeamCountry "ENG"]
[BlackTeamCountry "ENG"]

1. e4 c5 2. Nf3 d6 3. d4 cxd4 4. Bc4 Nf6 5. 0-0 Nxe4 6. Qxd4 Nf6 7. Re1 e6 8. Nc3 Nc6 9. Qh4 d5 10. Bb5 a6 11. Bxc6+ bxc6 12. Ne5 Bb7 13. Bg5 Be7 14. Rad1 Nd7 15. Bxe7 Qxe7 16. Qg3 Nxe5 17. Qxe5 0-0 18. Rd3 Kh8 19. Rg3 Rg8 20. Rh3 Qf6 21. Qc7 Rab8 22. Rf3 Rgc8 23. Qd7 Rd8 24. Qc7 Rdc8 25. Qd7 1/2-1/2